Quiz sulle Isole Marianne Settentrionali - Statistics

Statistiche generali
  • Questo quiz è stato fatto 6 volte
  • Il punteggio medio è 10 su 17
Statistiche sulle risposte
Definizione Risposta % Corretto
Moneta Dollaro Statunitense
100%
Lingua Ufficiale Inglese
100%
Oceano in cui si trovano Oceano Pacifico
100%
Le Isole Marianne Settentrionali sono una dipendenza di questo Stato Stati Uniti
100%
Tempesta che a volte colpisce le Isole Marianne Settentrionali Tifone
100%
Settore più importante dell'economia Turismo
100%
Presidente Donald Trump
75%
Furono conquistate da questo Stato nel 1914 Giappone
75%
Risorsa naturale principale Pesce
75%
Insieme a quest'altra dipendenza, formano le Isole Marianne Guam
50%
Quasi tutta la popolazione nativa morì sotto la dominazione di questo Stato Spagna
50%
Altre lingue parlate Chamorro
25%
Primo europeo a raggiungerle Ferdinando Magellano
25%
Vennero vendute a questo Stato nel 1899 Germania
25%
Capitale Saipan
25%
Settore in forte crescita Abbigliamento
0%
Caroliniano
0%
Nessun quiz corrispondente trovato
Distribuzione punteggi
Percentuale di utenti per punteggio
Percentile per numero di risposta
I tuoi punteggi nel tempo
Non hai fatto questo quiz